[Event "HUN-chT2 Barcza 1011"]
[Site "Hungary"]
[Date "2011.04.17"]
[Round "9.10"]
[White "Kucsa, Andras"]
[Black "Varga, Laszlo J"]
[Result "1-0"]
[WhiteElo "1995"]
[BlackElo "1783"]
[PlyCount "51"]
[EventDate "2010.09.12"]
[EventType "team-tourn"]
[EventRounds "11"]
[EventCountry "HUN"]
[SourceTitle "EXT 2012"]
[Source "ChessBase"]
[SourceDate "2011.11.24"]
[SourceVersion "1"]
[SourceVersionDate "2011.11.24"]
[SourceQuality "1"]
[WhiteTeam "Piremon"]
[BlackTeam "Sajoszentpeter"]
[WhiteTeamCountry "HUN"]
[BlackTeamCountry "HUN"]

1. d4 Nf6 2. c4 e5 3. dxe5 Ng4 4. e4 Nxe5 5. f4 Ng6 6. Be3 Bb4+ 7. Nd2 Qe7 8. Bd3 d6 9. a3 Bxd2+ 10. Qxd2 a5 11. Nf3 0-0 12. 0-0 b6 13. Nd4 Bb7 14. Nf5 Qd8 15. Rf3 Nd7 16. Rg3 Nc5 17. Bxc5 dxc5 18. Qc3 f6 19. Rd1 Bxe4 20. Bc2 Nxf4 21. Qe3 Qe8 22. Bxe4 Rd8 23. Rxd8 Qxd8 24. Bd5+ Nxd5 25. Rxg7+ Kh8 26. Rxh7+ 1-0

[Event "HUN-chT2 Barcza 0910"]
[Site "Hungary"]
[Date "2010.05.02"]
[Round "11.9"]
[White "Varga, Laszlo J"]
[Black "Neuberger, Attila"]
[Result "0-1"]
[WhiteElo "1817"]
[BlackElo "2018"]
[PlyCount "90"]
[EventDate "2009.11.08"]
[EventType "team-tourn"]
[EventRounds "11"]
[EventCountry "HUN"]
[SourceTitle "EXT 2011"]
[Source "ChessBase"]
[SourceDate "2010.11.26"]
[SourceVersion "1"]
[SourceVersionDate "2010.11.26"]
[SourceQuality "1"]
[WhiteTeam "SSASSE"]
[BlackTeam "Kazincbarcika"]
[WhiteTeamCountry "HUN"]
[BlackTeamCountry "HUN"]

1. d4 Nf6 2. Nf3 g6 3. g3 Bg7 4. Bg2 0-0 5. 0-0 d5 6. c3 Bf5 7. Qb3 Qc8 8. Re1 Bxb1 9. Rxb1 Nbd7 10. Ne5 e6 11. Nxd7 Nxd7 12. e4 c6 13. e5 c5 14. Bd2 b6 15. Rbc1 Qa6 16. a4 Qd3 17. Qc2 Qxc2 18. Rxc2 Rac8 19. Rec1 Rc7 20. f4 Rfc8 21. Be3 Bf8 22. Bf1 cxd4 23. Bxd4 Bc5 24. Rd1 Bxd4+ 25. Rxd4 Nc5 26. Rb4 Kg7 27. Kf2 f6 28. exf6+ Kxf6 29. g4 Rd8 30. Ke3 Rd6 31. g5+ Ke7 32. b3 a5 33. Rb5 Nd7 34. b4 d4+ 35. Ke4 axb4 36. c4 d3 37. Rd2 Rxc4+ 38. Ke3 Nc5 39. a5 bxa5 40. Rxa5 Rd7 41. Bxd3 Rc3 42. Rxc5 Rxc5 43. Rc2 Rxd3+ 44. Kxd3 Rxc2 45. Kxc2 e5 0-1